000 00497nam a2200157Ia 4500
008 090124s9999 xx 000 0 und d
082 _b205359
245 _a चालिकी का सिध्दांत
250 _a1
260 _bशर्मा संजीव
_c2001
300 _a72
630 _a चालिकी का सिध्दांत
700 _aशर्मा संजीव
730 _a चालिकी का सिध्दांत
942 _cBOOK
999 _c186940
_d186940